Central Library OPAC University of Rajshahi

Get the best of yourself : (Record no. 14281)

MARC details
000 -LEADER
fixed length control field 00823nam a2200277 i 4500
001 - CONTROL NUMBER
control field 14281
003 - CONTROL NUMBER IDENTIFIER
rucl marc code BD-RjUL
005 - DATE AND TIME OF LATEST TRANSACTION
control field 20211208235612.0
008 - FIXED-LENGTH DATA ELEMENTS--GENERAL INFORMATION
fixed length control field 140205s1976 nyu 001 0 eng
020 ## - INTERNATIONAL STANDARD BOOK NUMBER
International Standard Book Number 0448121573 :
035 ## - SYSTEM CONTROL NUMBER
System control number (BD-RjUL)14333
040 ## - CATALOGING SOURCE
Original cataloging agency DLC
Transcribing agency DLC
Modifying agency DLC
-- BD-RjUL
Language of cataloging eng
041 ## - LANGUAGE CODE
Language code of text/sound track or separate title eng
082 00 - DEWEY DECIMAL CLASSIFICATION NUMBER
Classification number 650.1
Author mark and year NAG 1976
100 1# - MAIN ENTRY--PERSONAL NAME
Personal name Nash, Katherine.
9 (RLIN) 44596
245 10 - TITLE STATEMENT
Title Get the best of yourself :
Remainder of title how to find your success pattern and make it work for you /
Statement of responsibility, etc. Katherine Nash.
260 ## - PUBLICATION, DISTRIBUTION, ETC. (IMPRINT)
Place of publication, distribution, etc. New York :
Name of publisher, distributor, etc. Grosset & Dunlap,
Date of publication, distribution, etc. c1976.
300 ## - PHYSICAL DESCRIPTION
Pagination vii, 182 p. ;
Size 24 cm.
504 ## - BIBLIOGRAPHY, ETC. NOTE
Bibliography, etc Includes index.
650 #0 - SUBJECT ADDED ENTRY--TOPICAL TERM
Topical term or geographic name as entry element Success.
9 (RLIN) 42064
Topical term or geographic name as entry element Vocational guidance.
9 (RLIN) 44597
Topical term or geographic name as entry element Applications for positions.
9 (RLIN) 43717
942 ## - ADDED ENTRY ELEMENTS (KOHA)
Source of classification or shelving scheme Dewey Decimal Classification
Koha item type Books
Holdings
Lost status Source of classification or shelving scheme Damaged status Not for loan Collection code Permanent Location Current Location Shelving location Date acquired Source of acquisition Cost, normal purchase price Total Checkouts Full call number Date last seen Copy number Koha item type
  Dewey Decimal Classification   Not For Loan Non-fiction Central Library, University of Rajshahi Central Library, University of Rajshahi Reading Room 12/11/1992 books for bangladesh project. 0.00   650.1 NAG 1976 05/02/2014 C-1 Books